000
00272nam a2200097Ia 4500
001
1141943
005
20250827010128.0
008
250824s9999 xx 000 0 und d
245
0
_a
ALEV SAÇLI ÇOCUK
_c
CHRİSTİNE NÖSTLİNGER
260
_b
GÜNIŞIĞI KİTAPLIĞI YAYINLARI
999
_c
1141943
_d
1141943